[Event "Online Olym Div3 A"]
[Site "Chess.com INT"]
[Date "2020.08.07"]
[Round "1.4"]
[White "Deng, Yu Dong Michael"]
[Black "Ker, Anthony F"]
[Result "0-1"]
[WhiteElo "2138"]
[BlackElo "2298"]
[PlyCount "102"]
[EventDate "2020.08.07"]
[EventType "team-tourn (rapid)"]
[EventRounds "9"]
[EventCountry "USA"]
[SourceTitle "CBM 198"]
[Source "ChessBase"]
[SourceDate "2020.10.31"]
[SourceVersion "1"]
[SourceVersionDate "2020.10.31"]
[SourceQuality "1"]
[WhiteTeam "Hong Kong"]
[BlackTeam "New Zealand"]
[WhiteTeamCountry "HKG"]
[BlackTeamCountry "NZL"]

1. d4 Nf6 2. c4 e6 3. Nf3 Bb4+ 4. Bd2 Qe7 5. g3 b6 6. Bg2 Bb7 7. 0-0 Bxd2 8. Qxd2 c5 9. Nc3 cxd4 10. Nxd4 Bxg2 11. Kxg2 0-0 12. e4 Nc6 13. Nxc6 dxc6 14. Rad1 Rfd8 15. Qc2 e5 16. a3 Rd4 17. Ne2 Rxd1 18. Rxd1 Rd8 19. Rxd8+ Qxd8 20. Qc3 Qd6 21. f3 Nd7 22. Qc2 Nc5 23. Nc3 Ne6 24. Qd1 Qd4 25. Qxd4 exd4 26. Nd1 Kf8 27. Kf2 Ke7 28. Ke2 Kd6 29. Nf2 a6 30. Nd3 f6 31. f4 c5 32. Kf3 b5 33. b3 g6 34. g4 Nd8 35. e5+ fxe5 36. fxe5+ Kc6 37. Ke4 Ne6 38. h4 Nd8 39. Nf4 Nb7 40. h5 gxh5 41. Nxh5 Na5 42. Nf6 Nxb3 43. Nxh7 Nd2+ 44. Kd3 Nxc4 45. Ke4 Nb2 46. Ng5 d3 47. Nf3 c4 48. g5 Kd7 49. g6 Ke7 50. Ke3 c3 51. Ne1 d2 0-1

[Event "Barbera del Valles op 42nd"]
[Site "Barbera del Valles"]
[Date "2019.07.09"]
[Round "6"]
[White "Radnai, Adam"]
[Black "Deng, Yu Dong Michael"]
[Result "1/2-1/2"]
[WhiteElo "2309"]
[BlackElo "1900"]
[PlyCount "119"]
[EventDate "2019.07.04"]
[EventType "swiss"]
[EventRounds "9"]
[EventCountry "ESP"]
[SourceTitle "CBM 191 Extra"]
[Source "ChessBase"]
[SourceDate "2019.09.30"]
[SourceVersion "1"]
[SourceVersionDate "2019.09.30"]
[SourceQuality "1"]

1. d4 d5 2. Bf4 Nf6 3. e3 c5 4. c3 Qb6 5. Qb3 c4 6. Qc2 Nc6 7. b3 cxb3 8. axb3 Bd7 9. Nd2 e6 10. h3 Be7 11. Ngf3 0-0 12. Bd3 Rfc8 13. Qb2 a5 14. 0-0 a4 15. b4 Na7 16. Rfc1 Bb5 17. Ne5 Nc6 18. Bb1 Nxe5 19. dxe5 Nd7 20. e4 Qa6 21. exd5 exd5 22. Nf3 Bc4 23. Nd4 g6 24. Re1 Nf8 25. Qd2 Ne6 26. Be3 Bd8 27. f4 Nxd4 28. Bxd4 Bb6 29. f5 Bxd4+ 30. cxd4 Qc6 31. Qh6 Qe8 32. e6 Ra6 33. Re3 Qf8 34. Qg5 fxe6 35. fxg6 h6 36. Qg4 Qg7 37. Bc2 Bb3 38. Bxb3 axb3 39. Rxa6 Rc1+ 40. Kh2 Qc7+ 41. Rg3 bxa6 42. Qxe6+ Kg7 43. Qf7+ Qxf7 44. gxf7+ Kxf7 45. Rxb3 Rc4 46. Ra3 Rxb4 47. Rxa6 Kg7 48. Kg3 Rxd4 49. Kf3 Rd1 50. Rd6 d4 51. h4 d3 52. Ke3 Rg1 53. Kf2 Rd1 54. h5 Rh1 55. g4 d2 56. Rxd2 Rh2+ 57. Ke3 Rxd2 58. Kxd2 Kf6 59. Ke3 Kg5 60. Kf3 1/2-1/2

[Event "Barbera del Valles op 42nd"]
[Site "Barbera del Valles"]
[Date "2019.07.06"]
[Round "3"]
[White "Del Amo Carbo, Jordi"]
[Black "Deng, Yu Dong Michael"]
[Result "0-1"]
[WhiteElo "2178"]
[BlackElo "1900"]
[PlyCount "90"]
[EventDate "2019.07.04"]
[EventType "swiss"]
[EventRounds "9"]
[EventCountry "ESP"]
[SourceTitle "CBM 191 Extra"]
[Source "ChessBase"]
[SourceDate "2019.09.30"]
[SourceVersion "1"]
[SourceVersionDate "2019.09.30"]
[SourceQuality "1"]

1. Nf3 Nf6 2. g3 b5 3. Bg2 Bb7 4. 0-0 e6 5. d4 Be7 6. b3 c5 7. Bb2 0-0 8. Nbd2 d5 9. Ne5 Nbd7 10. Ndf3 Qc7 11. Nxd7 Nxd7 12. dxc5 Nxc5 13. Rc1 Ne4 14. Nd4 Qb6 15. Qd3 a6 16. e3 Rac8 17. f3 Nd6 18. f4 Ne4 19. Bxe4 dxe4 20. Qe2 Bd5 21. g4 Rc7 22. Kh1 Rfc8 23. Rg1 Bb4 24. Rg3 Bc3 25. Bxc3 Rxc3 26. g5 Qd6 27. Rcg1 Ba8 28. h4 g6 29. Rd1 Qa3 30. h5 Rd3 31. Rg2 Rxd1+ 32. Qxd1 Qxa2 33. Rd2 Qa3 34. h6 Bd5 35. Ne2 a5 36. Ng3 a4 37. bxa4 bxa4 38. Nf1 Qc3 39. f5 gxf5 40. Ng3 a3 41. Nxf5 a2 42. Ne7+ Kf8 43. Nxd5 exd5 44. Qg4 a1Q+ 45. Rd1 Qe1+ 0-1

[Event "Wch U12"]
[Site "Santiago de Compostela"]
[Date "2018.11.08"]
[Round "4"]
[White "Deng, Yu Dong Michael"]
[Black "Maurizzi, Marc Andria"]
[Result "1/2-1/2"]
[WhiteElo "1863"]
[BlackElo "2103"]
[PlyCount "42"]
[EventDate "2018.11.04"]
[EventType "swiss"]
[EventRounds "11"]
[EventCountry "ESP"]
[SourceTitle "EXT 2022"]
[Source "ChessBase"]
[SourceDate "2021.10.06"]
[SourceVersion "1"]
[SourceVersionDate "2021.10.06"]
[SourceQuality "1"]

1. d4 Nf6 2. c4 e6 3. Nf3 b6 4. g3 Bb4+ 5. Bd2 Bxd2+ 6. Qxd2 Ba6 7. Qc2 0-0 8. Bg2 Bb7 9. Nc3 c5 10. 0-0 Nc6 11. Rad1 cxd4 12. Nxd4 Nxd4 13. Rxd4 Bxg2 14. Kxg2 Rc8 15. Qd3 Rc6 16. Ne4 Nxe4 17. Qxe4 Rxc4 18. Rxc4 d5 19. Qc2 dxc4 20. Qxc4 Qd2 21. b4 Rd8 1/2-1/2

[Event "Xingtai op"]
[Site "Xingtai"]
[Date "2018.10.20"]
[Round "7"]
[White "Hu, Yu A"]
[Black "Deng, Yu Dong Michael"]
[Result "1-0"]
[WhiteElo "2020"]
[BlackElo "1844"]
[PlyCount "63"]
[EventDate "2018.10.14"]
[EventType "swiss"]
[EventRounds "9"]
[EventCountry "CHN"]
[SourceTitle "CBM 186 Extra"]
[Source "ChessBase"]
[SourceDate "2018.08.24"]
[SourceVersion "1"]
[SourceVersionDate "2018.08.24"]
[SourceQuality "1"]

1. e4 c5 2. Nf3 d6 3. d4 cxd4 4. Nxd4 Nf6 5. Nc3 a6 6. Be3 e5 7. Nb3 Be6 8. f3 Nbd7 9. g4 Nb6 10. g5 Nh5 11. Qd2 Be7 12. 0-0-0 0-0 13. Rg1 Rc8 14. Kb1 g6 15. Qf2 Nc4 16. Bxc4 Bxc4 17. Nd5 Bxd5 18. Rxd5 Qc7 19. h4 f5 20. Qg2 b5 21. Rc1 fxe4 22. fxe4 Nf4 23. Bxf4 Rxf4 24. h5 Rff8 25. hxg6 hxg6 26. Rd3 a5 27. Rh3 Bxg5 28. Rg3 Qe7 29. Rg1 Bh4 30. Rxg6+ Kh7 31. Nd2 Rf2 32. Rg4 1-0

[Event "Xingtai op"]
[Site "Xingtai"]
[Date "2018.10.19"]
[Round "6"]
[White "Deng, Yu Dong Michael"]
[Black "Wang, Zideng"]
[Result "1-0"]
[WhiteElo "1844"]
[BlackElo "2135"]
[PlyCount "49"]
[EventDate "2018.10.14"]
[EventType "swiss"]
[EventRounds "9"]
[EventCountry "CHN"]
[SourceTitle "CBM 186 Extra"]
[Source "ChessBase"]
[SourceDate "2018.08.24"]
[SourceVersion "1"]
[SourceVersionDate "2018.08.24"]
[SourceQuality "1"]

1. d4 d5 2. c4 dxc4 3. Nf3 Nf6 4. e3 e6 5. Bxc4 c5 6. 0-0 a6 7. a4 Nc6 8. Nc3 cxd4 9. exd4 Bb4 10. Bg5 0-0 11. Rc1 Bxc3 12. Rxc3 Na5 13. Bd3 h6 14. Bh4 Nc6 15. Ne5 Nxd4 16. Ng4 Nf5 17. Nxf6+ gxf6 18. Bxf5 exf5 19. Qh5 Kh7 20. Rg3 Rg8 21. Bg5 Rg6 22. Bxh6 Kg8 23. Be3 Kf8 24. Bc5+ Ke8 25. Qh8+ 1-0

[Event "Xingtai op"]
[Site "Xingtai"]
[Date "2018.10.15"]
[Round "2"]
[White "Zhao, Shengxin"]
[Black "Deng, Yu Dong Michael"]
[Result "1-0"]
[WhiteElo "2107"]
[BlackElo "1844"]
[PlyCount "57"]
[EventDate "2018.10.14"]
[EventType "swiss"]
[EventRounds "9"]
[EventCountry "CHN"]
[SourceTitle "CBM 186 Extra"]
[Source "ChessBase"]
[SourceDate "2018.08.24"]
[SourceVersion "1"]
[SourceVersionDate "2018.08.24"]
[SourceQuality "1"]

1. d4 d5 2. Nf3 Nf6 3. c4 e6 4. g3 Be7 5. Bg2 0-0 6. Qc2 dxc4 7. Qxc4 a6 8. 0-0 b5 9. Qc2 Bb7 10. a4 Nc6 11. Nc3 b4 12. Ne4 Qd5 13. Nfg5 Nxe4 14. Bxe4 Nxd4 15. Qd3 Qe5 16. Bxb7 Bxg5 17. Bxg5 Nxe2+ 18. Kg2 Qxg5 19. Qxe2 Rad8 20. Qxa6 Rd2 21. Qc4 Qa5 22. b3 Rfd8 23. Rac1 R2d7 24. Qc5 Qxc5 25. Rxc5 Rd3 26. Rb1 Rc3 27. Rxc3 bxc3 28. a5 Rd2 29. Rc1 1-0

[Event "Xingtai op"]
[Site "Xingtai"]
[Date "2018.10.14"]
[Round "1"]
[White "Deng, Yu Dong Michael"]
[Black "Lin, Yi1111"]
[Result "0-1"]
[WhiteElo "1844"]
[BlackElo "2361"]
[PlyCount "96"]
[EventDate "2018.10.14"]
[EventType "swiss"]
[EventRounds "9"]
[EventCountry "CHN"]
[SourceTitle "CBM 186 Extra"]
[Source "ChessBase"]
[SourceDate "2018.08.24"]
[SourceVersion "1"]
[SourceVersionDate "2018.08.24"]
[SourceQuality "1"]

1. d4 Nf6 2. c4 g6 3. Nc3 d5 4. cxd5 Nxd5 5. e4 Nxc3 6. bxc3 Bg7 7. Nf3 c5 8. Rb1 0-0 9. Be2 Qa5 10. Bd2 Qxa2 11. 0-0 Qe6 12. Qc2 b6 13. Bf4 Bb7 14. d5 Qc8 15. Rfd1 e6 16. dxe6 Qxe6 17. e5 Nc6 18. Rd6 Qg4 19. Bg3 Rad8 20. h3 Qc8 21. Rxd8 Rxd8 22. Qa2 Na5 23. Bh4 Re8 24. Bb5 Bc6 25. Ng5 Qf5 26. g4 Qf4 27. e6 fxe6 28. Bxc6 Nxc6 29. Re1 Ne5 30. Qxa7 Nf3+ 31. Nxf3 Qxf3 32. Qd7 Qf7 33. Qd2 e5 34. Re4 Qf3 35. Re3 Qc6 36. Bg3 e4 37. Qe1 b5 38. Kh2 Bh6 39. Re2 c4 40. Qd1 Bg7 41. Qe1 Qd5 42. f3 Qd3 43. Re3 Qc2+ 44. Re2 Qxc3 45. fxe4 Qxe1 46. Rxe1 c3 47. e5 Bh6 48. h4 Bd2 0-1

[Event "Hong Kong-ch prel"]
[Site "Hong Kong"]
[Date "2018.03.26"]
[Round "11"]
[White "Lam, Chun Yung Samuel"]
[Black "Deng, Yu Dong Michael"]
[Result "0-1"]
[WhiteElo "1137"]
[BlackElo "1821"]
[PlyCount "56"]
[EventDate "2018.01.08"]
[EventType "swiss"]
[EventRounds "11"]
[EventCountry "HKG"]
[SourceTitle "EXT 2019"]
[Source "ChessBase"]
[SourceDate "2018.10.10"]
[SourceVersion "1"]
[SourceVersionDate "2018.10.10"]
[SourceQuality "1"]

1. d4 d5 2. Bf4 Nf6 3. e3 e6 4. c3 Bd6 5. Bxd6 Qxd6 6. f4 0-0 7. Nd2 c5 8. Bd3 b6 9. Ngf3 Nc6 10. Ne5 Bb7 11. Qf3 c4 12. Bc2 b5 13. g4 Qe7 14. Qh3 Nxe5 15. fxe5 Ne4 16. Rg1 b4 17. g5 Rfb8 18. Nxe4 dxe4 19. Rg4 bxc3 20. bxc3 Bd5 21. Rxe4 Bxe4 22. Bxe4 Qxg5 23. Kd2 Rb2+ 24. Kc1 Rab8 25. Bxh7+ Kf8 26. Bc2 Qg1+ 27. Bd1 Qf2 28. Be2 Qe1+ 0-1

[Event "Hong Kong-ch prel"]
[Site "Hong Kong"]
[Date "2018.02.05"]
[Round "5"]
[White "Deng, Yu Dong Michael"]
[Black "Pu, Henry"]
[Result "1/2-1/2"]
[WhiteElo "1821"]
[BlackElo "1646"]
[PlyCount "101"]
[EventDate "2018.01.08"]
[EventType "swiss"]
[EventRounds "11"]
[EventCountry "HKG"]
[SourceTitle "EXT 2019"]
[Source "ChessBase"]
[SourceDate "2018.10.10"]
[SourceVersion "1"]
[SourceVersionDate "2018.10.10"]
[SourceQuality "1"]

1. d4 d5 2. c4 e6 3. Nc3 Nf6 4. Bg5 Be7 5. e3 0-0 6. Nf3 h6 7. Bh4 b6 8. Bd3 Bb7 9. 0-0 Nbd7 10. Qe2 Ne4 11. Bxe7 Qxe7 12. Rfd1 Ndf6 13. cxd5 exd5 14. Rac1 c6 15. Ne5 Nxc3 16. Rxc3 Rac8 17. Rdc1 c5 18. Bf5 Rc7 19. Ng4 Nxg4 20. Qxg4 c4 21. e4 dxe4 22. Rg3 Qf6 23. Bxe4 Bxe4 24. Qxe4 Rd8 25. Rd1 Re7 26. Qb1 Rxd4 27. h3 Re2 28. Rf3 Qe5 29. Rf1 Rdd2 30. Qc1 Rc2 31. Qd1 Red2 32. Qe1 Qxe1 33. Rxe1 Kf8 34. b3 c3 35. a4 f6 36. Ree3 Rc1+ 37. Kh2 c2 38. Rc3 Rb1 39. Rc8+ Kf7 40. Rfc3 Rxf2 41. Rxc2 Rxc2 42. Rxc2 Rxb3 43. Rc7+ Kg6 44. Rxa7 h5 45. Rb7 Ra3 46. Rxb6 Rxa4 47. Kg3 Kg5 48. Rb5+ f5 49. h4+ Rxh4 50. Rxf5+ Kxf5 51. Kxh4 1/2-1/2

[Event "Hong Kong-ch prel"]
[Site "Hong Kong"]
[Date "2018.01.22"]
[Round "3"]
[White "Ho, In Hei Henry"]
[Black "Deng, Yu Dong Michael"]
[Result "0-1"]
[WhiteElo "1763"]
[BlackElo "1821"]
[PlyCount "106"]
[EventDate "2018.01.08"]
[EventType "swiss"]
[EventRounds "11"]
[EventCountry "HKG"]
[SourceTitle "EXT 2019"]
[Source "ChessBase"]
[SourceDate "2018.10.10"]
[SourceVersion "1"]
[SourceVersionDate "2018.10.10"]
[SourceQuality "1"]

1. d4 d5 2. Bf4 Nf6 3. e3 e6 4. Nf3 Bd6 5. Bg3 0-0 6. Nbd2 b6 7. Bd3 Bb7 8. c3 Qe7 9. 0-0 c5 10. Ne5 Nbd7 11. f4 Ne4 12. Qc2 f5 13. Ndf3 Nxg3 14. hxg3 Nf6 15. Qe2 Rac8 16. Kf2 Ne4+ 17. Bxe4 fxe4 18. Nh2 Bxe5 19. dxe5 Qg5 20. Rh1 d4 21. Ng4 d3 22. Rh5 Qg6 23. Qd1 Rcd8 24. Kg1 Rf5 25. Rh3 d2 26. Nf2 Qe8 27. g4 Rf7 28. g5 Rfd7 29. Kh2 Qg6 30. Qe2 c4 31. Rh1 b5 32. Qd1 a5 33. Kg3 h6 34. Kh2 Kf7 35. gxh6 Rh8 36. hxg7 Rxh3+ 37. gxh3 Qxg7 38. Rg1 Qh6 39. Qg4 Rd8 40. h4 b4 41. Qg5 Qxg5 42. fxg5 Bc6 43. Kg3 Kg6 44. Kg4 bxc3 45. bxc3 Ba4 46. h5+ Kh7 47. Nd1 Rb8 48. Rf1 Rb1 49. g6+ Kh6 50. g7 Kxg7 51. Kg5 Rxd1 52. h6+ Kg8 53. Rf6 Rg1+ 0-1

[Event "Hong Kong Jolimark op"]
[Site "Hong Kong"]
[Date "2017.12.25"]
[Round "6"]
[White "Deng, Yu Dong Michael"]
[Black "Au, Ka Pang"]
[Result "1-0"]
[WhiteElo "1731"]
[BlackElo "1403"]
[PlyCount "121"]
[EventDate "2017.12.23"]
[EventType "swiss"]
[EventRounds "9"]
[EventCountry "HKG"]
[SourceTitle "CBM 182 Extra"]
[Source "ChessBase"]
[SourceDate "2018.02.23"]
[SourceVersion "1"]
[SourceVersionDate "2018.02.23"]
[SourceQuality "1"]

1. d4 Nf6 2. c4 e5 3. dxe5 Ng4 4. Bf4 Nc6 5. Nf3 Bb4+ 6. Nbd2 Qe7 7. e3 Ngxe5 8. Nxe5 Nxe5 9. Be2 d6 10. 0-0 0-0 11. Nb3 Ng6 12. a3 Bc5 13. Nxc5 dxc5 14. Bf3 Nxf4 15. exf4 c6 16. Re1 Qf6 17. Qc1 Be6 18. Re5 Rad8 19. Rxc5 Rd4 20. f5 Bxf5 21. Qe3 Rdd8 22. Re1 Be6 23. b3 Qd4 24. h3 Qxe3 25. Rxe3 Rd2 26. Rce5 g6 27. Bg4 Bxg4 28. hxg4 Rd7 29. Kh2 Rfd8 30. Kg3 Kg7 31. f3 Rd3 32. Re7 Rxe3 33. Rxe3 Rd7 34. Kf4 h6 35. Ke4 Re7+ 36. Kd4 Rxe3 37. Kxe3 Kf6 38. Kf4 Ke6 39. Ke4 f6 40. f4 g5 41. g3 b5 42. cxb5 cxb5 43. a4 bxa4 44. bxa4 a5 45. f5+ Kd6 46. Kd4 Kc6 47. Kc4 Kd6 48. Kb5 Ke5 49. Kxa5 Ke4 50. Kb4 Kf3 51. a5 Kxg3 52. a6 Kxg4 53. a7 Kxf5 54. a8Q Kg4 55. Qe4+ Kg3 56. Qg6 g4 57. Kc3 Kh2 58. Qxh6+ Kg2 59. Qxf6 g3 60. Kd2 Kg1 61. Ke2 1-0

[Event "Hong Kong-ch op"]
[Site "Hong Kong"]
[Date "2017.11.20"]
[Round "7"]
[White "Deng, Yu Dong Michael"]
[Black "Cheng, Justin Hong Chen"]
[Result "1-0"]
[WhiteElo "1723"]
[BlackElo "1298"]
[PlyCount "81"]
[EventDate "2017.10.09"]
[EventType "swiss"]
[EventRounds "7"]
[EventCountry "HKG"]
[SourceTitle "EXT 2019"]
[Source "ChessBase"]
[SourceDate "2018.10.10"]
[SourceVersion "1"]
[SourceVersionDate "2018.10.10"]
[SourceQuality "1"]

1. d4 Nf6 2. c4 g6 3. Nc3 Bg7 4. e4 d6 5. f3 0-0 6. Be3 e5 7. d5 c6 8. Bd3 cxd5 9. cxd5 Nh5 10. Nge2 f5 11. exf5 gxf5 12. Qd2 Nd7 13. 0-0-0 Nc5 14. Bc2 a5 15. Rdg1 Nf6 16. Bh6 Rf7 17. g4 f4 18. Bxg7 Rxg7 19. h4 Bd7 20. h5 Rg5 21. Re1 b5 22. Ng1 b4 23. Nce2 Rc8 24. Kb1 b3 25. axb3 a4 26. b4 Nb3 27. Qd1 e4 28. Nxf4 exf3 29. Ngh3 Bxg4 30. Nxg5 f2 31. Qd3 fxe1Q+ 32. Rxe1 Qd7 33. Rg1 Kh8 34. Ka2 Ra8 35. Qc3 Qg7 36. Nge6 Qf7 37. Rxg4 Nc1+ 38. Kb1 a3 39. bxa3 Rg8 40. Rxg8+ Kxg8 41. Kxc1 1-0